|
|
|
|
| LEADER |
01985nam a2200421 a 4500 |
| 001 |
EBC786876 |
| 003 |
MiAaPQ |
| 005 |
20200520144314.0 |
| 006 |
m o d | |
| 007 |
cr cn||||||||| |
| 008 |
111213s2011 sz ad sb 000 0 spa d |
| 020 |
|
|
|z 9789221245810 (English)
|
| 020 |
|
|
|z 9789222245819 (French)
|
| 020 |
|
|
|z 9789223245818
|
| 020 |
|
|
|a 9789223245825 (electronic bk.)
|
| 035 |
|
|
|a (MiAaPQ)EBC786876
|
| 035 |
|
|
|a (Au-PeEL)EBL786876
|
| 035 |
|
|
|a (CaPaEBR)ebr10512151
|
| 035 |
|
|
|a (OCoLC)757261151
|
| 040 |
|
|
|a MiAaPQ
|c MiAaPQ
|d MiAaPQ
|
| 050 |
|
4 |
|a HD5706
|b .E95 2011
|
| 245 |
0 |
0 |
|a Existe una alternativa
|h [electronic resource] :
|b politicas economicas y estrategias laborales mas alla de la corriente dominante /
|c bajo la direccion de Nicolas Pons-Vignon.
|
| 250 |
|
|
|a 1. ed.
|
| 260 |
|
|
|a Ginebra :
|b Oficina International del Trabajo,
|c 2011.
|
| 300 |
|
|
|a xvii, 146 p. :
|b col. ill.
|
| 500 |
|
|
|a Also published in English and French.
|
| 500 |
|
|
|a On cover: Universidad Global del Trabajo.
|
| 504 |
|
|
|a Includes bibliographical references.
|
| 505 |
0 |
|
|a pt. 1. A luta continua : luchas sindicales en el mundo -- pt. 2. Replanteamiento de la gobernanza economica europea -- pt. 3. Politicas de desarrollo : ha llegado el momento de dejar a un lado la doctrina neoliberal -- pt. 4. La desigualdad en el origen de la crisis -- pt. 5. Trabajo decente y recuperacion impulsada por los salarios, la base para un desarrollo sostenible.
|
| 533 |
|
|
|a Electronic reproduction. Ann Arbor, MI : ProQuest, 2015. Available via World Wide Web. Access may be limited to ProQuest affiliated libraries.
|
| 650 |
|
0 |
|a Labor market.
|
| 650 |
|
0 |
|a Labor supply.
|
| 650 |
|
0 |
|a International economic relations.
|
| 655 |
|
4 |
|a Electronic books.
|
| 700 |
1 |
|
|a Pons-Vignon, Nicolas.
|
| 710 |
2 |
|
|a International Labour Organization.
|
| 710 |
2 |
|
|a ProQuest (Firm)
|
| 856 |
4 |
0 |
|u https://ebookcentral.proquest.com/lib/matrademy/detail.action?docID=786876
|z Click to View
|